000
00292nam a22001337a 4500
008
170329b xxu||||| |||| 00| 0 eng d
020
_a
0721672841
041
_a
eng
080
_2
6TH
_a
616-053.2
100
_a
8
101
_a
SHM
245
_a
PEDIATRIC DIAGNOSIS
_c
GREEN
942
_2
udc
_c
BK
999
_c
8971
_d
8971